Khảo sát hiệu quả cố định đạm của vi khuẩn Pseudomonas sp. trên cây lúa cao sản trồng ngoài đồng : Báo cáo tổng kết đề tài khoa học và công nghệ cấp Trường
Nghiên cứu, xác định nguồn cung cấp vi khuẩn cố định đạm cao nhất trong sản xuất phân đạm sinh học
Zapisane w:
| 1. autor: | |
|---|---|
| Format: | Książka |
| Język: | Undetermined |
| Wydane: |
Cần Thơ
Trường Đại học Cần Thơ
2011
|
| Hasła przedmiotowe: | |
| Etykiety: |
Dodaj etykietę
Nie ma etykietki, Dołącz pierwszą etykiete!
|
| Thư viện lưu trữ: | Trung tâm Học liệu Trường Đại học Cần Thơ |
|---|
| LEADER | 01056nam a2200229Ia 4500 | ||
|---|---|---|---|
| 001 | CTU_203322 | ||
| 008 | 210402s9999 xx 000 0 und d | ||
| 082 | |a 633.18 | ||
| 082 | |b Y603 | ||
| 088 | |a TSV2011-14 | ||
| 100 | |a Trần, Kim Yến | ||
| 245 | 0 | |a Khảo sát hiệu quả cố định đạm của vi khuẩn Pseudomonas sp. trên cây lúa cao sản trồng ngoài đồng : | |
| 245 | 0 | |b Báo cáo tổng kết đề tài khoa học và công nghệ cấp Trường | |
| 245 | 0 | |c Trần Kim Yến (Chủ nhiệm đề tài) ; Phạm Hoàng Thu An, Ngô Thanh Phong (tham gia thực hiện) | |
| 260 | |a Cần Thơ | ||
| 260 | |b Trường Đại học Cần Thơ | ||
| 260 | |c 2011 | ||
| 520 | |a Nghiên cứu, xác định nguồn cung cấp vi khuẩn cố định đạm cao nhất trong sản xuất phân đạm sinh học | ||
| 650 | |a Cây lúa,Rice | ||
| 904 | |i Nguyên | ||
| 915 | |a TN | ||
| 980 | |a Trung tâm Học liệu Trường Đại học Cần Thơ | ||